• 首页
  • 本馆介绍
  • 公告通知
  • 最新文献
  • 馆藏检索
  • 电子资源
  • 读者导购
  • 参考咨询
  • 我的图书馆
  • 登录
  • 详细信息显示
  • 放入我的书架
  • 预约/预借图书
  • 作者相关作品
  • 分类相关作品
  • 丛书相关作品
  • 出版社相关作品

书目信息

  • 表格格式
  • 工作单格式
  • 卡片格式
题名:
中国生物种质资源科学报告
    
 
作者: 刘旭 主编
分册:  
出版信息: 北京   科学出版社  2015.01
页数: 309页
开本: 27cm
丛书名:
单 册:
中图分类: Q-92
科图分类:
主题词: 生物--种质资源--研究报告--中国
电子资源:
ISBN: 978-7-03-042075-6
000 01115nam0 2200277 450
001 0120151650761
005 20170418143150.20
010    @a978-7-03-042075-6@dCNY118.00
100    @a20150106d2015 em y0chiy50 ea
101 0  @achi
102    @aCN@b110000
105    @aak z 000yy
106    @ar
200 1  @a中国生物种质资源科学报告@9zhong guo sheng wu zhong zhi zi yuan ke xue bao gao@f刘旭主编
205    @a2版
210    @a北京@c科学出版社@d2015.01
215    @a309页@c图@d27cm
312    @a封面英文题名:The science report on biological germplasm resources in China
330    @a本书论述了中国生物种质资源科学研究进展,共分9章,由野生植物、作物、饲用植物、林木、药用植物、动物、微生物、水生生物8类种质资源组成。各章分别阐述了概念、范畴和重要性,科学研究工作现状与评价、百年工作回顾、标志性事件,存在的主要问题等。
333    @a生物种质研究人员
510 1  @aScience report on biological germplasm resources in China@zeng
606 0  @a生物@x种质资源@x研究报告@y中国
690    @aQ-92@v5
701  0 @a刘旭@9liu xu@4主编
801  0 @aCN@b人天书店@c20150106
905    @b985067-69@dQ-92@e202=2@f3
    
    中国生物种质资源科学报告/刘旭主编.-2版.-北京:科学出版社,2015.01
    309页:图;27cm
    使用对象:生物种质研究人员
    
    ISBN 978-7-03-042075-6:CNY118.00
    本书论述了中国生物种质资源科学研究进展,共分9章,由野生植物、作物、饲用植物、林木、药用植物、动物、微生物、水生生物8类种质资源组成。各章分别阐述了概念、范畴和重要性,科学研究工作现状与评价、百年工作回顾、标志性事件,存在的主要问题等。
●
相关链接 在E读中查询图书 在五车中查询图书 在当当中查询图书 在豆瓣中查询图书


正题名:中国生物种质资源科学报告     索取号:Q-92/202=2         预约/预借

序号 登录号 条形码 馆藏地/架位号 状态 备注
1 985067   209850678   第二样本阅览室/ [索取号:Q-92/202=2] 在馆    
2 985068   209850687   密集书库-生命科学系/ [索取号:Q-92/202=2] 在馆    
3 985069   209850696   第三借阅区/ [索取号:Q-92/202=2] 在馆    
唐山师范学院图书馆 欢迎您!
大连网信软件有限公司© 版权所有